| 000 | 00731cam a22002537a 4500 | ||
|---|---|---|---|
| 003 | CHAP | ||
| 005 | 20220329134541.0 | ||
| 008 | 971013s r 00010 d | ||
| 010 | _a22050 | ||
| 011 | _a23022 | ||
| 035 | _a27117 | ||
| 040 | _cCHAP | ||
| 090 | _aR-2218Y | ||
| 100 | 0 | 0 |
_aCock, James H. _924221 |
| 245 | 1 | 3 | _aLa yuca una fuente básica de energía en los trópicos |
| 500 | _aSobretiro de: Science 218(4574) : 755-762 | ||
| 590 |
_aBATCH-UPD _b10 _c20130110 _lUCH01 _h1127 |
||
| 590 |
_aCONVERSION _b10 _c20130109 _lUCH01 _h1313 |
||
| 650 | 1 | 4 |
_aYuca. _9123269 |
| 901 | _aBK | ||
| 942 | _cFOLL | ||
| 949 |
_aR-2218Y _bBC _cR _d-62781 _eTS1 _i27117 _si |
||
| 949 |
_aR-2218Y _bBC _cR _d33724002343389 _eTS2 _fc.2 _i27117 _si |
||
| 999 |
_c22050 _d22050 |
||